| 000 | 004730000a22001810004500 | ||
|---|---|---|---|
| 003 | LK-CoMWRAF | ||
| 008 | 230817t ||||| |||| 00| 0 eng d | ||
| 040 |
_aLK-CoMWRAF _dLK-CoMWRAF _eLK-CoMWRAF |
||
| 041 | _aeng | ||
| 082 |
_a300 _bTHI |
||
| 100 | _aThiruchandran, Selvy | ||
| 245 |
_aTamil varalattu padimankal silavattil oru pennilai norku _b |
||
| 260 |
_aColumbu _bKumaran pathipakam _c1997 |
||
| 300 | _ap.191 | ||
| 500 | _aiIndix | ||
| 650 | _awomen | ||
| 942 | _cBK | ||
| 999 |
_c2643 _d2643 |
||